000 01247cam a2200277 4500
001 ABS62593
008 000000n2000 000 0 eng u
035 _a(Sirsi) u107623
100 _aLake, I.
245 _aTowards a rational recompense
260 _c2000
490 _aEstates Gazette
_v(0026) 1 July 2000, 140(1)
520 _aOutlines a new study by the University of East Anglia (UEA) and University College London (UCL), which sets out new ways of assessing compensation claims for residential properties affected by the use of new roads. The research looks at compensation payments under the Land Compensation Act 1973 part 1. Compares the current procedure with the suggested alternative procedure. Flowcharts.
590 _aABS
650 _aPROPERTY-INFRASTRUCTURE-TRANSPORT INFRASTRUCTURE-ROAD INFRASTRUCTURE
650 _aCOMPENSATION CLAIMS
650 _aCOMPENSATION PAYMENTS
650 _aLAND COMPENSATION ACT 1973 PART 1
650 _aHEDONIC PRICING
650 _aGLASGOW
650 _aNOISE LEVELS
650 _aUNIVERSITY OF EAST ANGLIA
650 _aUNIVERSITY COLLEGE LONDON
690 _aENVIRONMENTAL AND LAND CONSULTANCY-PLANNING AND DEVELOPMENT-COMPULSORY PURCHASE AND COMPENSATION
942 _n0
999 _c64303
_d64303